000 00677nam a2200289Ia 4500
005 20260324131111.0
008 008 260324s9999 xx 000 0 eng d
020 _a9781315783307
037 _aEBOOK
040 _aCRL
040 _beng
040 _cCRL
041 _2eng
041 _aeng
084 _qCRL
100 _aMary Ann Mattoon
_91184223
245 0 _aJung and the Human Psyche
245 3 _bAn Understandable Introduction
260 _bTaylor and Francis
260 _c2006
365 _a
365 _b170
856 _uhttp://www.taylorfrancis.com/books/9781315783307
942 _cEBOOK
999 _c1781087
_d1781087